THE MAGIC OF THE LOST TEMPLE (Record no. 3561)
[ view plain ]
| 000 -LEADER | |
|---|---|
| fixed length control field | 00634nam a22001457a 4500 |
| 020 ## - INTERNATIONAL STANDARD BOOK NUMBER | |
| ISBN | 978-0-343-33316-6 |
| 082 ## - DEWEY DECIMAL CLASSIFICATION NUMBER | |
| Classification number | 823 |
| Item number | MUR/M |
| 100 ## - MAIN ENTRY--AUTHOR NAME | |
| Personal name | MURTY, SUDHA |
| 245 ## - TITLE STATEMENT | |
| Title | THE MAGIC OF THE LOST TEMPLE |
| 260 ## - PUBLICATION, DISTRIBUTION, ETC. (IMPRINT) | |
| Place of publication | GURGAON |
| Name of publisher | PUFFIN BOOKS |
| Year of publication | 2015 |
| 300 ## - PHYSICAL DESCRIPTION | |
| Number of Pages | 203 |
| 520 ## - SUMMARY, ETC. | |
| Summary, etc | The Magic of the Lost Temple” is a story of Nooni, a young girl, who gets enchanted and fascinated by the story of an old stepwell told to her by her grandparents. This stepwell, which was apparently created by a “celestial architect” was used by “celestial maidens”, and now is lost to the village forever. |
| 650 ## - SUBJECT ADDED ENTRY--TOPICAL TERM | |
| Topical Term | NOVEL |
| Geographic subdivision | INDIA |
| 942 ## - ADDED ENTRY ELEMENTS (KOHA) | |
| Koha item type | Books |
| Withdrawn status | Lost status | Collection code | Home library | Current library | Shelving location | Date acquired | Source of acquisition | Cost, normal purchase price | Full call number | Accession Number | Koha item type |
|---|---|---|---|---|---|---|---|---|---|---|---|
| Fiction | Main Library | Main Library | SHELF 14 H ALPHEBETICAL - M-FICTION | 16/01/2020 | purchase | 199.00 | 823 MUR/M | 12404 | Books |